Statistics for Overwatch Heroes (2019)

Click here to take the quiz!

General Stats

  • This quiz has been taken 16 times
  • The average score is 29 of 31

Answer Stats

HeroAnswer% Correct
Heal SniperAna
100%
MachineBastion
100%
Shield BashBrigitte
100%
FistDoomfist
100%
MechD.Va
100%
NinjaGenji
100%
ArcherHanzo
100%
BombsJunkrat
100%
DJLucío
100%
CowboyMcCree
100%
SnowMei
100%
AngelMercy
100%
RocketsPharah
100%
ShotgunsReaper
100%
Huge ShieldReinhardt
100%
HookRoadhog
100%
SoldierSoldier: 76
100%
HackerSombra
100%
GeometrySymmetra
100%
TurretTorbjörn
100%
MonkeyWinston
100%
Omnic MonkZenyatta
100%
ScienceMoira
92%
HamsterWrecking Ball
92%
GangAshe
85%
Grenade HealBaptiste
85%
AstrophysicsSigma
85%
RobotOrisa
77%
TeleportTracer
77%
BaguetteWidowmaker
77%
BodybuilderZarya
62%

Score Distribution

Percentile by Number Answered

Percent of People with Each Score

Your Score History

You have not taken this quiz